| 000 | 01193nam a2200301 i 4500 | ||
|---|---|---|---|
| 003 | DO-SdBNP | ||
| 005 | 20260305093000.0 | ||
| 007 | ta | ||
| 008 | 250623t1981 dr 000 0 spa d | ||
| 040 |
_aDO-SdBNP _bspa _cBNPHU _erda |
||
| 082 |
_axxxx _bR977 _222 |
||
| 100 | 1 |
_aRutinel Domínguez, José Ulises _eautor _4aut. _987025 |
|
| 245 | 1 | 0 |
_aLineamientos para el estudio de las clases sociales en el Ecuador / _cJosé Ulises Rutinel Domínguez, Alberto Moreno, Jaime Belmar, Oswaldo Villegas |
| 246 | 1 |
_aLineamientos para el estudio de las clases sociales en América Latina : _bmetodología |
|
| 264 |
_aSanto Domingo : _bImpresora Nuestro Tiempo, _c1981. |
||
| 300 |
_a39 páginas _c21 cm. |
||
| 336 |
_atexto _btxt _2rdacontent |
||
| 337 |
_asin mediación _bn _2rdamedia |
||
| 338 |
_avolumen _bnc _2rdacarrier |
||
| 500 | _aIncluye datos biográficos del autor principal en la contraportada. | ||
| 500 | _aCuaderno de apoyo a la docencia. | ||
| 590 | _aInventariado, 2025/ YL | ||
| 700 | 1 |
_aMoreno, Alberto _eautor _4aut. _973915 |
|
| 700 | 1 |
_aBelmar, Jaime _eautor _4aut. _973913 |
|
| 700 | 1 |
_aVillegas, Oswaldo _eautor _4aut. _973914 |
|
| 910 | _aYLockward | ||
| 942 |
_2ddc _cLF2 |
||
| 999 |
_c59363 _d59363 |
||